[Event "LSS No Engine Cup 228 Preliminary 0"]
[Site "LSS email"]
[Date "2022.07.09"]
[Round "?"]
[White "Owens, Johnny"]
[Black "Ramponelli, Roberto"]
[Result "1-0"]
[WhiteElo "1986"]
[BlackElo "1563"]
[PlyCount "41"]
[EventDate "2022.07.09"]
[EventType "tourn (corr)"]
[EventRounds "6"]
[EventCountry "GER"]
[SourceTitle "Corr 2024"]
[Source "ChessBase"]
[SourceDate "2023.10.19"]
[SourceVersion "1"]
[SourceVersionDate "2023.10.19"]
[SourceQuality "1"]

1. Nf3 Nf6 2. b3 g6 3. Bb2 Bg7 4. g3 0-0 5. Bg2 d5 6. c4 c6 7. Qc2 Bf5 8. d3 Nbd7 9. Nh4 Be6 10. 0-0 Rc8 11. Nd2 Qb6 12. e3 Rfe8 13. Nhf3 Bg4 14. h3 Bxf3 15. Nxf3 Qc7 16. Rfc1 e5 17. Nd2 dxc4 18. dxc4 Nc5 19. b4 Ne6 20. c5 Rcd8 21. Nc4 1-0

[Event "LSS No Engine Cup 228 Preliminary 0"]
[Site "LSS email"]
[Date "2022.07.09"]
[Round "?"]
[White "Wernitz, Helmut"]
[Black "Owens, Johnny"]
[Result "0-1"]
[WhiteElo "1591"]
[BlackElo "1986"]
[PlyCount "66"]
[EventDate "2022.07.09"]
[EventType "tourn (corr)"]
[EventRounds "6"]
[EventCountry "GER"]
[SourceTitle "Corr 2024"]
[Source "ChessBase"]
[SourceDate "2023.10.19"]
[SourceVersion "1"]
[SourceVersionDate "2023.10.19"]
[SourceQuality "1"]

1. e4 e6 2. d4 d5 3. Nc3 Nf6 4. e5 Nfd7 5. f4 c5 6. Nf3 a6 7. Be3 Nc6 8. Qd2 b5 9. Be2 Be7 10. a3 0-0 11. 0-0 Qb6 12. Nd1 a5 13. c3 cxd4 14. Nxd4 Nxd4 15. Bxd4 Nc5 16. Qc2 Qc6 17. Nf2 a4 18. Nd3 Nb3 19. Rac1 Qc4 20. Be3 Qe4 21. Bd4 Nxd4 22. cxd4 Bd7 23. Qd2 Qxd4+ 24. Kh1 b4 25. f5 exf5 26. Rf4 Qb6 27. Rxb4 Bxb4 28. Nxb4 Rfe8 29. Qxd5 Qe3 30. Rd1 Qxe2 31. Qxd7 Qxb2 32. Na6 Qxe5 33. h3 Rxa6 0-1

[Event "SC-2022-0-00416"]
[Site "LSS email"]
[Date "2022.05.12"]
[Round "?"]
[White "Hall, Dick"]
[Black "Owens, Johnny"]
[Result "1/2-1/2"]
[WhiteElo "1772"]
[BlackElo "1686"]
[PlyCount "78"]
[EventDate "2021.10.30"]
[EventType "tourn (corr)"]
[EventRounds "6"]
[EventCountry "GER"]
[SourceTitle "Corr 2024"]
[Source "ChessBase"]
[SourceDate "2023.10.19"]
[SourceVersion "1"]
[SourceVersionDate "2023.10.19"]
[SourceQuality "1"]

1. e4 e6 2. d4 d5 3. Bd3 dxe4 4. Bxe4 Nf6 5. Bf3 Be7 6. Ne2 0-0 7. 0-0 c5 8. Be3 Qc7 9. Nbc3 cxd4 10. Nxd4 a6 11. Re1 e5 12. Nb3 Be6 13. Nd5 Bxd5 14. Bxd5 Re8 15. c4 Nbd7 16. Rc1 Rad8 17. Qf3 Bb4 18. Red1 e4 19. Qg3 Ne5 20. Nd2 Qd6 21. Bg5 Nd3 22. Bxf6 Qxg3 23. hxg3 Rxd5 24. cxd5 Nxc1 25. Bg5 Bxd2 26. Rxd2 Nd3 27. f3 f6 28. Be3 Rc8 29. b3 Kf7 30. Rd1 f5 31. g4 g6 32. gxf5 gxf5 33. g4 Kf6 34. Bd4+ Kg6 35. gxf5+ Kxf5 36. fxe4+ Kxe4 37. Bb6 Rg8+ 38. Kf1 Rf8+ 39. Kg1 Rg8+ 1/2-1/2

[Event "SC-2022-0-00416"]
[Site "LSS email"]
[Date "2022.05.11"]
[Round "?"]
[White "Kaupat, Thomas"]
[Black "Owens, Johnny"]
[Result "0-1"]
[WhiteElo "1655"]
[BlackElo "1686"]
[PlyCount "28"]
[EventDate "2021.10.30"]
[EventType "tourn (corr)"]
[EventRounds "6"]
[EventCountry "GER"]
[SourceTitle "Corr 2024"]
[Source "ChessBase"]
[SourceDate "2023.10.19"]
[SourceVersion "1"]
[SourceVersionDate "2023.10.19"]
[SourceQuality "1"]

1. d4 e6 2. c4 f5 3. Nc3 Nf6 4. Nh3 Bb4 5. g3 c5 6. dxc5 Ne4 7. Bd2 Bxc3 8. bxc3 Qa5 9. Bg2 Qxc5 10. Be3 Qxc4 11. Bxe4 fxe4 12. Qc2 d5 13. 0-0 e5 14. f4 Bxh3 0-1

[Event "SC-2022-0-00416"]
[Site "LSS email"]
[Date "2022.05.11"]
[Round "?"]
[White "Martins, Karin"]
[Black "Owens, Johnny"]
[Result "1-0"]
[WhiteElo "1668"]
[BlackElo "1686"]
[PlyCount "59"]
[EventDate "2021.10.30"]
[EventType "tourn (corr)"]
[EventRounds "6"]
[EventCountry "GER"]
[SourceTitle "Corr 2024"]
[Source "ChessBase"]
[SourceDate "2023.10.19"]
[SourceVersion "1"]
[SourceVersionDate "2023.10.19"]
[SourceQuality "1"]

1. e4 d5 2. exd5 Qxd5 3. Nc3 Qd6 4. d4 Nf6 5. Nf3 c6 6. Ne5 Nbd7 7. Nc4 Qc7 8. Qf3 Nb6 9. Bf4 Qd8 10. Be5 Be6 11. Ne3 g6 12. a4 Bg7 13. a5 Nbd7 14. a6 Nxe5 15. dxe5 Nd7 16. axb7 Nxe5 17. Qg3 Rb8 18. Ba6 h5 19. h3 Qd6 20. 0-0 h4 21. Qf4 Nd7 22. Qf3 Qc7 23. Ne4 Rh5 24. c3 Bd5 25. Ra4 Kf8 26. Rfa1 e6 27. Qd1 c5 28. Nd2 Bc6 29. R4a2 Bh6 30. Ndc4 1-0

[Event "SC-2022-0-00416"]
[Site "LSS email"]
[Date "2022.05.11"]
[Round "?"]
[White "Owens, Johnny"]
[Black "Sofia, Gerardo"]
[Result "1/2-1/2"]
[WhiteElo "1686"]
[BlackElo "1729"]
[PlyCount "92"]
[EventDate "2021.10.30"]
[EventType "tourn (corr)"]
[EventRounds "6"]
[EventCountry "GER"]
[SourceTitle "Corr 2024"]
[Source "ChessBase"]
[SourceDate "2023.10.19"]
[SourceVersion "1"]
[SourceVersionDate "2023.10.19"]
[SourceQuality "1"]

1. Nf3 Nf6 2. b3 e6 3. Bb2 b6 4. g3 Bb7 5. Bg2 Be7 6. c4 0-0 7. 0-0 d5 8. cxd5 exd5 9. e3 Nbd7 10. Nc3 Ne4 11. Ne2 Bd6 12. Re1 Re8 13. Rc1 c5 14. d3 Nef6 15. d4 Rc8 16. Nc3 Ne4 17. dxc5 Ndxc5 18. Rc2 Nxc3 19. Rxc3 Qd7 20. Nd4 Ne4 21. Rxc8 Rxc8 22. Ne2 Rc7 23. h4 h6 24. Bf3 Qf5 25. Nf4 Be5 26. Bxe5 Qxe5 27. Ne2 Rc5 28. Kg2 Kf8 29. Nf4 Qf6 30. a3 g5 31. hxg5 hxg5 32. Ne2 Bc8 33. Bxe4 dxe4 34. Nd4 Bd7 35. Qh5 Ra5 36. a4 Rc5 37. Rd1 Ke7 38. b4 Rc4 39. Rb1 Kf8 40. Qe2 Rc8 41. a5 Kg7 42. axb6 axb6 43. Re1 Qg6 44. Rd1 Rd8 45. Ra1 Rh8 46. Rh1 Re8 1/2-1/2